Statistics for "A" Antonyms

Click here to take the quiz!

General Stats

  • This quiz has been taken 114 times
  • The average score is 14 of 20

Answer Stats

WordA Antonyms% Correct
BeforeAfter
100%
DeadAlive
97%
QuestionAnswer
94%
SubtractAdd
93%
NeverAlways
93%
NoneAll
92%
BelowAbove
91%
ModernAntiquated / Ancient / Antique
85%
ProfessionalAmateur
76%
ArcticAntarctic
72%
DeclineAccept
69%
LeaveArrive
65%
DefendAttack
65%
EnemyAlly
64%
ForAgainst
62%
HateAdore
54%
PresentAbsent
51%
TogetherAlone
44%
FailAchieve
43%
DenyAdmit
35%

Score Distribution

Percentile by Number Answered

Percent of People with Each Score

Your Score History

You have not taken this quiz